000 00346nam a22001457a 4500
003 SGT
020 _a9789388695251
082 _a342.0954
_bB20J
100 _aJAIN, SACHIN KUMAR
245 _aBHARTIYA SANVIDHAN KI VIKASH GATHA
260 _aINDIA
_bAGORA PRAKASHAN
_c2020
300 _a344
650 _aINDIAN CONSTITUTION
942 _2ddc
_cBK
999 _c26191
_d26191